Estadísticas para Tamaños de Starbucks

Haz click aquí para intentar la prueba.

Estadísticas generales

  • Esta prueba ha sido intentada 526 veces
  • La puntuación promedio es 3 de 5

Estadísticas de respuestas

VolumenTamaño% Correcto
16 fl oz.Grande
92%
20 fl oz.Venti
63%
12 fl oz.Tall
42%
30 fl oz.Trenta
30%
8 fl oz.Short
29%

Distribución de puntuación

Porcentaje por número respondido

Porcentaje de gente con cada puntuación

Historial de tus puntuaciones

No has intentado esta prueba.